Lataa...

Kanyarkaliyude Samskarika Vinimayam/

Bibliografiset tiedot
Päätekijä: Jyothi M
Aineistotyyppi: Printed Book
Kieli:English
Julkaistu: Kottayam Sahithya pravarthaka co-operative society ltd. 2019
LEADER 00667 a2200169 4500
008 200623b xxu||||| |||| 00| 0 eng d
999 |c 190904  |d 190904 
020 |a 9789388807746 
041 |a MAL 
084 |2 cc  |a NS212oaY:1 
100 |a Jyothi M 
245 |a Kanyarkaliyude Samskarika Vinimayam/ 
260 |b Sahithya pravarthaka co-operative society ltd.  |c 2019  |a Kottayam 
300 |b 224p. 
942 |c REF 
952 |0 0  |1 0  |4 0  |6 NS_212OAY1_32Q9  |7 0  |8 KR  |9 331483  |a LIB  |b LIB  |d 2019-10-29  |e 8  |g 175.00  |o NS212oaY:1 32Q9  |p 312084  |r 2019-10-29  |v 250.00  |y REF 
952 |0 0  |1 0  |4 0  |6 NS_212OAY1_32Q91  |7 0  |9 331484  |a LIB  |b LIB  |d 2019-10-29  |e 8  |g 175.00  |o NS212oaY:1 32Q9;1  |p 312085  |r 2019-10-29  |v 250.00  |y GEN